| 000 | 005400000a22002050004500 | ||
|---|---|---|---|
| 003 | LK-CoMWRAF | ||
| 005 | 20230923083142.0 | ||
| 008 | 230817t1983 ||||| |||| 00| 0 eng d | ||
| 040 |
_aLK-CoMWRAF _dLK-CoMWRAF _eLK-CoMWRAF |
||
| 041 | _aeng | ||
| 082 |
_a297.6 _bAHM |
||
| 100 | _aAhmad, Fazl | ||
| 245 |
_aSome companions of the Prophet : _bPart II |
||
| 260 |
_aPakistan (Lahore) : _bSh.Muhammad ashraf, _c1972 |
||
| 300 | _a110p | ||
| 490 | _aHeroes of Islam Series 14 | ||
| 650 | _aIslam-Prophet | ||
| 650 | _aIslam | ||
| 942 | _cBK | ||
| 999 |
_c2024 _d2024 |
||